Groupe de 4 - Statistiques

Statistiques générales
  • Ce quiz a été pris 631 fois
  • Le résultat moyen est 23 sur 32
Statistiques - réponses
Réponse % Correct
Août
99%
Juillet
99%
Juin
99%
Mois sans "R" Mai
99%
Eau
93%
Pacifique
93%
Feu
91%
Indien
91%
Éléments Air
90%
Océans Atlantique
90%
Terre
90%
Douze
86%
Instruments à cordes frottées d'un orchestre Violon
85%
Vingt
84%
Carreau
78%
Couleur de carte Coeur
78%
Pique
78%
Seize
78%
Trèfle
78%
Beatles John
76%
Nombres inférieurs à 100 contenant 5 lettres Trois
76%
Violoncelle
74%
Arctique
73%
Paul
61%
Contrebasse
53%
Ringo
49%
Alto
36%
George
35%
George
35%
Personnages de Seinfeld Jerry
7%
Elaine
4%
Kramer
3%
Aucun quiz correspondant
Distribution des résultats
% des personnes avec chaque résultat
Percentile par nombre de réponses
Votre historique - résultats
Vous n’avez pas pris ce quiz